White Stripes Albums Tile Select - Statistics

General Stats
  • This quiz has been taken 18 times
  • The average score is 24 of 36
Answer Stats
Question Tile Select % Correct
the following songs that are on Elephant (2003). Seven Nation Army Yes
100%
the following songs that are on Elephant (2003). I Can't Wait No
94%
the following songs that are on Get Behind Me Satan (2005). Blue Orchid Yes
88%
the following songs that are on White Blood Cells (2001). Suzy Lee No
88%
the following songs that are on Elephant (2003). The Union Forever No
88%
the following songs that are on White Blood Cells (2001). Hotel Yorba Yes
82%
the following songs that are on Elephant (2003). Ball and Biscuit Yes
76%
the following songs that are on White Blood Cells (2001). Dead Leaves and the Dirty Ground Yes
76%
the following songs that are on Get Behind Me Satan (2005). Effect and Cause No
76%
the following songs that are on Icky Thump (2007). Forever for Her (Is Over for Me) No
76%
the following songs that are on Get Behind Me Satan (2005). Rag and Bone No
76%
the following songs that are on Icky Thump (2007). Screwdriver No
76%
the following songs that are on White Blood Cells (2001). The Big Three Killed My Baby No
76%
the following songs that are on Get Behind Me Satan (2005). The Denial Twist Yes
76%
the following songs that are on Get Behind Me Satan (2005). You've Got Her in Your Pocket No
76%
the following songs that are on White Blood Cells (2001). Hello Operator No
71%
the following songs that are on Get Behind Me Satan (2005). Well It's True That We Love One Another No
71%
the following songs that are on Elephant (2003). We're Going to Be Friends No
71%
the following songs that are on Icky Thump (2007). Conquest Yes
65%
the following songs that are on White Blood Cells (2001). Fell in Love with a Girl Yes
65%
the following songs that are on Get Behind Me Satan (2005). Take, Take, Take Yes
65%
the following songs that are on Elephant (2003). There's No Home for You Here Yes
65%
the following songs that are on Icky Thump (2007). 300 M.P.H. Torrential Outpour Blues Yes
59%
the following songs that are on Get Behind Me Satan (2005). I'm Lonely (But I Ain't That Lonely Yet) Yes
59%
the following songs that are on Icky Thump (2007). My Doorbell No
59%
the following songs that are on White Blood Cells (2001). The Hardest Button to Button No
59%
the following songs that are on Icky Thump (2007). As Ugly as I Seem No
53%
the following songs that are on Elephant (2003). Girl, You Have No Faith in Medicine Yes
53%
the following songs that are on Icky Thump (2007). Little Ghost No
53%
the following songs that are on Elephant (2003). The Air Near My Fingers Yes
53%
the following songs that are on Icky Thump (2007). You Don't Know What Love Is (You Just Do as You're Told) Yes
53%
the following songs that are on Icky Thump (2007). A Martyr for My Love for You Yes
47%
the following songs that are on Elephant (2003). In the Cold, Cold Night Yes
41%
the following songs that are on Get Behind Me Satan (2005). White Moon Yes
41%
the following songs that are on White Blood Cells (2001). Aluminum Yes
35%
the following songs that are on White Blood Cells (2001). I Can Learn Yes
35%
No matching quizzes found
Score Distribution
Percent of People with Each Score
Percentile by Number Answered
Your Score History
You have not taken this quiz